000 00633cam a22001691 4500
082 _a693.5
_bREY
_cL-19, P-7
100 1 _aReynolds, Charles E.
_943177
245 0 0 _aConcrete construction;
_ba practical treatise on all branches of plain and reinforced concrete construction,
_cby Charles E. Reynolds ...
260 _aLondon,
_bConcrete Publications Limited
_c[1938]
300 _aviii, 510 p.
_billus., fold. tab., diagrs.
_c25 cm.
490 0 _aConcrete series
526 _a0
_b0
_c0
_d693_500000000000000_REY
650 0 _aConcrete construction.
650 0 _aMCE
_9379
650 0 _aReinforced concrete.
_940928
942 _2ddc
_cBK
999 _c549021
_d549021